[Event "Ambelokipi op 154th"]
[Site "Athens"]
[Date "2015.07.08"]
[Round "7"]
[White "Patriarheas, Georgios"]
[Black "Mokas, Vasilios"]
[Result "1/2-1/2"]
[WhiteElo "1968"]
[BlackElo "1588"]
[PlyCount "66"]
[EventDate "2015.06.29"]
[EventType "swiss"]
[EventRounds "7"]
[EventCountry "GRE"]
[SourceTitle "EXT 2024"]
[Source "ChessBase"]
[SourceDate "2023.10.10"]
[SourceVersion "1"]
[SourceVersionDate "2023.10.10"]
[SourceQuality "1"]

1. e4 c5 2. Nf3 e6 3. d4 cxd4 4. Nxd4 Nf6 5. Nc3 d6 6. Be2 Be7 7. 0-0 0-0 8. Be3 Nc6 9. f4 Bd7 10. Qe1 Nxd4 11. Bxd4 Bc6 12. Qg3 g6 13. Bd3 Nh5 14. Qf2 Nxf4 15. Qxf4 e5 16. Qf2 exd4 17. Qxd4 b6 18. Kh1 Bg5 19. Rf3 Rb8 20. Raf1 Rb7 21. Bc4 Re7 22. Nd5 Bxd5 23. Bxd5 Qc7 24. c3 Qc5 25. Qd3 Bh6 26. Rh3 Bg7 27. Qg3 Qc7 28. Qh4 h6 29. Rhf3 Kh7 30. Qf2 Kg8 31. h4 Qd7 32. Qg3 Kh7 33. Qf2 Kg8 1/2-1/2